<?xml version="1.0" encoding="UTF-8"?>
<collection xmlns="http://www.loc.gov/MARC21/slim">
 <record>
  <leader>00863nam a2200241 a 4500</leader>
  <controlfield tag="001">4556</controlfield>
  <controlfield tag="003">BD-DhAAL</controlfield>
  <controlfield tag="008">150920s1998    nyu           000 0 eng d</controlfield>
  <datafield tag="010" ind1=" " ind2=" ">
   <subfield code="a">   97021649 </subfield>
  </datafield>
  <datafield tag="020" ind1=" " ind2=" ">
   <subfield code="a">0006530680</subfield>
  </datafield>
  <datafield tag="020" ind1=" " ind2=" ">
   <subfield code="a">068815428X</subfield>
  </datafield>
  <datafield tag="040" ind1=" " ind2=" ">
   <subfield code="a">DLC</subfield>
   <subfield code="c">DLC</subfield>
   <subfield code="d">DLC</subfield>
   <subfield code="d">BD-DhAAL</subfield>
  </datafield>
  <datafield tag="082" ind1="0" ind2="0">
   <subfield code="a">658.3/14</subfield>
   <subfield code="2">21</subfield>
  </datafield>
  <datafield tag="100" ind1="1" ind2=" ">
   <subfield code="a">Blanchard, Kenneth H.</subfield>
   <subfield code="9">5582</subfield>
  </datafield>
  <datafield tag="245" ind1="1" ind2="0">
   <subfield code="a">Gung ho! :</subfield>
   <subfield code="b">increase productivity, profits and your own prosperity /</subfield>
   <subfield code="c">Ken Blanchard, Sheldon Bowles.</subfield>
  </datafield>
  <datafield tag="260" ind1=" " ind2=" ">
   <subfield code="a">London :</subfield>
   <subfield code="b">Harper Collins Publishers,</subfield>
   <subfield code="c">c1998.</subfield>
  </datafield>
  <datafield tag="300" ind1=" " ind2=" ">
   <subfield code="a">xvii, 187 p. :</subfield>
   <subfield code="c">22 cm.</subfield>
  </datafield>
  <datafield tag="541" ind1="1" ind2=" ">
   <subfield code="e">4556</subfield>
  </datafield>
  <datafield tag="650" ind1=" " ind2="0">
   <subfield code="a">Employee motivation.</subfield>
   <subfield code="9">14900</subfield>
  </datafield>
  <datafield tag="700" ind1="1" ind2=" ">
   <subfield code="a">Bowles, Sheldon M.</subfield>
   <subfield code="9">14901</subfield>
  </datafield>
  <datafield tag="942" ind1=" " ind2=" ">
   <subfield code="2">ddc</subfield>
   <subfield code="c">BK</subfield>
  </datafield>
  <datafield tag="999" ind1=" " ind2=" ">
   <subfield code="c">35621</subfield>
   <subfield code="d">35621</subfield>
  </datafield>
  <datafield tag="952" ind1=" " ind2=" ">
   <subfield code="0">0</subfield>
   <subfield code="1">0</subfield>
   <subfield code="2">ddc</subfield>
   <subfield code="4">0</subfield>
   <subfield code="6">658_300000000000000_14_BLA</subfield>
   <subfield code="7">0</subfield>
   <subfield code="9">56010</subfield>
   <subfield code="a">SCL</subfield>
   <subfield code="b">SCL</subfield>
   <subfield code="c">GEN</subfield>
   <subfield code="d">2015-09-20</subfield>
   <subfield code="g">605.00</subfield>
   <subfield code="l">1</subfield>
   <subfield code="o">658.314 BLA</subfield>
   <subfield code="p">3020004556</subfield>
   <subfield code="r">2017-09-23</subfield>
   <subfield code="s">2017-09-19</subfield>
   <subfield code="t">1</subfield>
   <subfield code="w">2015-09-20</subfield>
   <subfield code="y">BK</subfield>
  </datafield>
 </record>
</collection>
